000 00961nam2a22002411 4500
001 rc\111804
005 20250620194639.0
010 _a5-7141-0282-7
_915000
035 _a(NLR Aleph) 005394256
090 _a7213546
_c7213546
100 _a20021216d1995 |||y0rusy50 ca
101 0 _arus
102 _aRU
105 _ay |||||||||
200 1 _aˆ[‰Пармский монастырь
_eРоман
_fПер. Н.И. Немчиновой]
210 _d1995
_aБ. м.
215 _a478, [2] с.
461 0 _1001rc\111799
_12001#$aСобрание сочинений$eВ 5 т.$e[Пер. с фр.]$fСтендаль$v[Т.] 5
_1700#1$aСтендаль$bФ.$gФредерик$f1783-1842
_97213497
_aСтендаль, Ф. (1783-1842)
_cМ.
_d1995-
_fСтендаль
_nВече
_oВ 5 т. : [Пер. с фр.]
_tСобрание сочинений
_v[Т.] 5
801 0 _aRU
_bNLR
_gpsbo
801 1 _aRU
_bELAR
_2rusmarc
852 _aNLR
_j95-3/3962
942 _cBOOK
980 _aNB